Legislatívne zmeny v samospráve za rok 2021

Prehľad niektorých legislatívnych zmien za rok 2021 týkajúcich sa obcí, miest a vyšších územných celkov najmä v oblasti volieb do orgánov samosprávy obcí a samosprávnych krajov, miestnych daní, rozpočtových pravidiel a školstva.

Na minha lista:
Detalhes bibliográficos
Autor principal: Ukropec, Anton
Formato: Capítulo de Livro
Idioma:eslovaco
Assuntos:
Tags: Adicionar Tag
Sem tags, seja o primeiro a adicionar uma tag!

MARC

LEADER 00000naa a2200000 4500
001 0281588
005 20240417075151.7
041 0 |a slo 
044 |a SK 
245 1 0 |a Legislatívne zmeny v samospráve za rok 2021  |c Anton Ukropec 
520 |a Prehľad niektorých legislatívnych zmien za rok 2021 týkajúcich sa obcí, miest a vyšších územných celkov najmä v oblasti volieb do orgánov samosprávy obcí a samosprávnych krajov, miestnych daní, rozpočtových pravidiel a školstva. 
610 2 0 |a legislatíva 
610 2 0 |a samospráva 
610 2 0 |a voľby 
610 2 0 |a dane miestne 
610 2 0 |a pravidlá rozpočtové 
610 2 0 |a školstvo 
100 1 |a Ukropec, Anton